20 Ciudades Europeas En Un Mapa Pero Han Sido Traducidas Al Azar #3 - Estadísticas

Estadísticas generales
  • Esta prueba ha sido intentada 179 veces
    178 desde el último reinicio
  • La puntuación promedio es 11 de 20
Respuestas en el mapa
Las respuestas están codificadas por una escala verde-roja en el mapa de la prueba según el % correcto abajo.
 
Estadísticas de respuestas
Nombre Traducido Ciudad Idioma Al Que Había Sido Traducido % Correcto
Vaticaanstad Ciudad del Vaticano Neerlandés
96%
Valletta La Valeta Inglés
91%
Réicivíc Reikiavik Gaélico Irlandés
89%
Basileia Basilea Portugués
84%
Praach Praga Frisio Occidental
84%
Talinas Tallín Lituano
77%
Valensėjė Valencia Samogitiano
76%
Shkupi Skopie Albanés
68%
Brisel Bruselas Bosnio
65%
Gênes Génova Francés
65%
Liun Lyon Lombardo
61%
Dulenn Dublín Bretón
60%
Katanya Catania Turco
57%
Danzig Gdańsk Alemán
33%
Birgon Bergen Sami Septentrional
27%
Portus Cale Oporto Latín
26%
Lipsk Leipzig Polaco
18%
Pozsony Bratislava Húngaro
13%
Cəbəllüttariq Gibraltar Azerí
4%
Rysoghen Oxford Cornés
1%
No se encontraron pruebas coincidentes
Distribución de puntuación
Porcentaje de gente con cada puntuación
Porcentaje por número respondido
Historial de tus puntuaciones
No has intentado esta prueba desde el último reinicio